Kvalifikační katalog společných dělnických povolání

Salvato in:
Dettagli Bibliografici
Natura: Libro
Lingua:ceco
Pubblicazione: Praha Práce 1981
Tags: Aggiungi Tag
Nessun Tag, puoi essere il primo ad aggiungerne!!

MARC

LEADER 00000nam a2200000 4500
001 c126181
005 20050302095232.5
041 0 |a cze 
044 |a CZ 
245 1 0 |a Kvalifikační katalog společných dělnických povolání 
264 1 |a Praha  |b Práce  |c 1981 
300 |a 362 s.